Origen y meta de la historia

שמור ב:
מידע ביבליוגרפי
מחבר ראשי: Jaspers, karl
פורמט: ספר
שפה:Undetermined
יצא לאור: Madrid, España Revista de Occidente 1950
נושאים:
תגים: הוספת תג
אין תגיות, היה/י הראשונ/ה לתייג את הרשומה!

MARC

LEADER 00000nam a2200000Ia 4500
008 170316s9999 xx 000 0 und d
090 |a 100 J-6o 
100 |a Jaspers, karl 
245 |a Origen y meta de la historia 
260 |a Madrid, España 
260 |b Revista de Occidente 
260 |c 1950 
300 |a 306 páginas 
650 |a FILOSOFÍA 
650 |a JASPERS KARL 
650 |a EXISTENCIALISMO 
999 |c 16612  |d 16612 
040 |a cru BVZT 
942 |c 15 D  |h 100 J-6o  |2 z